KOHA-Header-6

Khuawab Ankhoun Main (Record no. 6820)

000 -LEADER
fixed length control field 00255nam a2200109Ia 4500
100 ## - MAIN ENTRY--AUTHOR NAME
Personal name Zahida Tasneem
245 #0 - TITLE STATEMENT
Title Khuawab Ankhoun Main
260 ## - PUBLICATION, DISTRIBUTION, ETC. (IMPRINT)
Place of publication Karachi
Name of publisher Royal Book
Year of publication 1998
300 ## - PHYSICAL DESCRIPTION
Number of Pages 160
942 ## - ADDED ENTRY ELEMENTS (KOHA)
Koha item type Books
Holdings
Withdrawn status Lost status Permanent Location Current Location Date acquired Full call number Accession Number Koha item type
    MAJU MAJU 2019-09-11 891.493 295 Books

Powered by Koha